La casa de las dunas / (Record no. 149812)

MARC details
000 -LEADER
campo de control de longitud fija 00637nam a2200217 i 4500
001 - NÚMERO DE CONTROL
campo de control 149812
003 - IDENTIFICADOR DE NÚMERO DE CONTROL
campo de control ES-MaACL
005 - FECHA Y HORA DE LA ÚLTIMA TRANSACCIÓN
campo de control 20230906203251.0
007 - CAMPO FIJO DE DESCRIPCIÓN FÍSICA--INFORMACIÓN GENERAL
campo de control de longitud fija t|
008 - DATOS DE LONGITUD FIJA--INFORMACIÓN GENERAL
campo de control de longitud fija 071024s1948 sp ||||1| spa d
100 1# - ENTRADA PRINCIPAL--NOMBRE DE PERSONA
Nombre de persona Van der Meersch, Maxence.
9 (RLIN) 113032
245 13 - MENCIÓN DEL TÍTULO
Título La casa de las dunas /
Mención de responsabilidad, etc. Maxence van der Meersch ; [traducción del francés por Dolores Serra].
250 ## - MENCION DE EDICION
Mención de edición [1ª ed.].
260 ## - PUBLICACIÓN, DISTRIBUCIÓN, ETC.
Lugar de publicación, distribución, etc. Barcelona :
Nombre del editor, distribuidor, etc. Lara,
Fecha de publicación, distribución, etc. [1948]
300 ## - DESCRIPCIÓN FÍSICA
Extensión 171 p. ;
Dimensiones 19 cm.
490 1# - MENCIÓN DE SERIE
Mención de serie Horizonte
700 1# - ENTRADA AGREGADA--NOMBRE PERSONAL
Nombre de persona Serra, Dolores.
9 (RLIN) 105604
830 0# - PUNTO DE ACCESO ADICIONAL DE SERIE-TÍTULO UNIFORME
Título uniforme Horizonte
9 (RLIN) 180916
852 ## - LOCALIZACIÓN
Ubicación ES-MaACL
Número de control de estantería E-1139
Sublocalización o colección R.28501
Holdings
Estatus retirado Estado de pérdida Estado de daño No para préstamo Biblioteca de origen Biblioteca actual Ubicación en estantería Fecha de adquisición Fuente de adquisición Total de préstamos Signatura topográfica completa Código de barras Visto por última vez Precio de reemplazo Tipo de ítem Koha
        Biblioteca del Ateneo de Madrid Biblioteca del Ateneo de Madrid Depósito 2 17/01/2008     E-1139 1156328 23/02/2023 23/02/2023 Libro impreso